UNESCO World Heritage Sites of Spain by image - Statistics

General Stats
  • This quiz has been taken 37 times
  • The average score is 21 of 50
Answer Stats
Picture Answer % Correct
Works of Antoni Gaudí
96%
Alhambra, Generalife and Albayzín, Granada
87%
Historic City of Toledo
78%
Cathedral, Alcázar and Archivo de Indias in Seville
70%
Old Town of Segovia and its Aqueduct
70%
Tower of Hercules
70%
Lonja de la Seda de Valencia
65%
Old Town of Ávila with its Extra-Muros Churchess
65%
Aranjuez Cultural Landscape
61%
Archaeological Ensemble of Mérida
61%
Historic centre of Córdoba
61%
Palau de la Música Catalana and Hospital de Sant Pau, Barcelona
61%
Santiago de Compostela (Old Town)
61%
Cave of Altamira and Paleolithic Cave Art of Northern Spain
57%
Monastery and Site of the Escorial, Madrid
57%
Old City of Salamanca
57%
Routes of Santiago de Compostela: Camino Francés and Routes of Northern Spain
57%
Archaeological Ensemble of Tárraco
52%
Caliphate City of Medina Azahara
52%
Palmeral de Elche
52%
Historic Walled Town of Cuenca
48%
Renaissance Monumental Ensembles of Úbeda and Baeza
48%
Burgos Cathedral
43%
Ibiza, Biodiversity and Culture
43%
Monastery of Saint Mary of Guadalupe
43%
Poblet Monastery
43%
Las Medulas
39%
Old Town of Cáceres
39%
Paseo del Prado and Buen Retiro, a landscape of Arts and Sciences
39%
Roman Walls of Lugo
39%
Teide National Park
39%
University and Historic Precinct of Alcalá de Henares
39%
Catalan Romanesque Churches of the Vall de Boí
35%
Monuments of Oviedo and the Kingdom of the Asturias
30%
Mudejar Architecture of Aragon
30%
San Millán Yuso and Suso Monasteries
30%
Doñana National Park
26%
Vizcaya Bridge
26%
Antequera Dolmens Site
22%
Heritage of Mercury. Almadén and Idrija
22%
Pyrénées - Mont Perdu
22%
San Cristóbal de La Laguna
22%
Archaeological site of Atapuerca
17%
Prehistoric Rock Art Sites in the Côa Valley and Siega Verde
17%
Ancient and Primeval Beech Forests of the Carpathians and Other Regions of Europe
13%
Prehistoric Sites of Talayotic Menorca
13%
Garajonay National Park
9%
Rock Art of the Mediterranean Basin on the Iberian Peninsula
9%
Cultural Landscape of the Serra de Tramuntana
4%
Risco Caído and the Sacred Mountains of Gran Canaria Cultural Landscape
4%
No matching quizzes found
Score Distribution
Percent of People with Each Score
Percentile by Number Answered
Your Score History
You have not taken this quiz